Paroles de Lego Ninjago 1-4 - Statistiques

Statistiques générales
  • Ce quiz a été pris 168 fois
  • Le résultat moyen est 8 sur 10
Statistiques - réponses
Question Réponse % Correct
Tu racontes n'importe quoi, il faut être hyper puissant pour soulever le bateau et sauver sa peau. C'est moi le ... Cole
97%
Non, non, non, non, non, vous avez raté le passage ou il sort ses nunchakus. Et moi j'ai des nunchakus. Jay
92%
Lloyd Montgomery Garmadon, viens par ici immédiatement. Wu
92%
Quel délicieux petit méchant, si j'avais des pieds, je tremblerais dans mes pattes. Pythor
89%
Comment se fait-il que tu n'aie aucun ami ? Pythor
81%
Bon, petite série d'étirements, nous allons commencer par la grue plongeante. Wu
75%
Prépare-toi à mordre la poussière ! Cole
69%
Skales, salut vieille branche ! Si on m'avait dit que j'allais devoir me battre contre toi. Fangtom
69%
Zane, toi qui est malin, t'en dis quoi ? Kai
64%
Attendez, je croyais que vous étiez ennemis, c'est une blague ou quoi ? Lloyd
61%
Aucun quiz correspondant
Distribution des résultats
% des personnes avec chaque résultat
Percentile par nombre de réponses
Votre historique - résultats
Vous n’avez pas pris ce quiz